000 00596nam a2200181Ia 4500
001 56055
008 130109n2008 ii |||gr||||Z||||||465
020 _a8130705230
082 _a181,48
245 0 _aThe Purva Mimamsa Sutras of Jaimini :
_bThe Sacred Books of The Hindus /
_cMahamahopadhyaya & Pandit Ganganath Jha Translated by .
_hTextual Documents
250 _aIst ed.
260 _aNew Delhi
_bCosmo Publications
_c2008
300 _a506pg:
_c23cm.
653 _aEthics
653 _aDeptt- Sanskrit
700 _aMahamahopadhyaya & Jha, Pandit Ganganath .,
_eTranslator.
942 _2ddc
_cBK
999 _c55979
_d55979